[Event "Florianopolis op 9th"]
[Site "Florianopolis"]
[Date "2023.01.27"]
[Round "7"]
[White "Ferreira, Rodrigo Maycon Mira"]
[Black "Soares, Rafael Tuma"]
[Result "1-0"]
[WhiteElo "1781"]
[BlackElo "1440"]
[PlyCount "83"]
[EventDate "2023.01.23"]
[EventType "swiss"]
[EventRounds "10"]
[EventCountry "BRA"]
[SourceTitle "CBM 212 Extra"]
[Source "ChessBase"]
[SourceDate "2023.03.31"]
[SourceVersion "1"]
[SourceVersionDate "2023.03.31"]
[SourceQuality "1"]

1. d4 d5 2. c4 e6 3. Nc3 Nf6 4. cxd5 exd5 5. Bg5 c6 6. e3 Bb4 7. Bd3 Be6 8. Nge2 0-0 9. 0-0 Bd6 10. Kh1 Nbd7 11. f3 Qc7 12. e4 Bb4 13. Rc1 h6 14. Bf4 Qd8 15. a3 Be7 16. Bb1 a6 17. Qd3 Nb6 18. e5 Re8 19. exf6 Bxf6 20. b3 Qd7 21. a4 Nc8 22. g4 Ne7 23. Ng3 Ng6 24. Bd2 Bg5 25. f4 Bxf4 26. Bxf4 Bxg4 27. Be5 Bh5 28. Rf2 Rxe5 29. dxe5 Qg4 30. Re1 Re8 31. e6 Rxe6 32. Rxe6 Qxe6 33. Qd2 d4 34. Nd1 Qxb3 35. Ba2 Qxa4 36. Bxf7+ Kh7 37. Bxg6+ Kxg6 38. Qd3+ Kg5 39. Rf5+ Kg6 40. Rf8+ Kg5 41. Rf5+ Kg6 42. Ra5+ 1-0

[Event "Sao Bento do Sul op"]
[Site "Sao Bento do Sul"]
[Date "2019.08.24"]
[Round "5"]
[White "Ferreira, Rodrigo Maycon Mira"]
[Black "Silva, Guilherme Henrique"]
[Result "1/2-1/2"]
[WhiteElo "1811"]
[BlackElo "1608"]
[PlyCount "32"]
[EventDate "2019.08.23"]
[EventType "swiss"]
[EventRounds "7"]
[EventCountry "BRA"]
[SourceTitle "EXT 2020"]
[Source "ChessBase"]
[SourceDate "2019.10.17"]
[SourceVersion "1"]
[SourceVersionDate "2019.10.17"]
[SourceQuality "1"]

1. d4 Nf6 2. c4 g6 3. Nc3 Bg7 4. e4 d6 5. h3 0-0 6. Bg5 Nbd7 7. Nf3 e5 8. d5 h6 9. Be3 Ne8 10. Qd2 Kh7 11. Bd3 f5 12. exf5 gxf5 13. Bxf5+ Rxf5 14. Qd3 e4 15. Qxe4 Ndf6 16. Qc2 Kg8 1/2-1/2

[Event "Florianopolis op 5th"]
[Site "Florianopolis"]
[Date "2019.01.26"]
[Round "9"]
[White "Ferreira, Rodrigo Maycon Mira"]
[Black "Monteiro, Daniel Zotelli"]
[Result "1-0"]
[WhiteElo "1813"]
[BlackElo "1567"]
[PlyCount "49"]
[EventDate "2019.01.21"]
[EventType "swiss"]
[EventRounds "10"]
[EventCountry "BRA"]
[SourceTitle "CBM 188 Extra"]
[Source "ChessBase"]
[SourceDate "2019.02.26"]
[SourceVersion "1"]
[SourceVersionDate "2019.02.26"]
[SourceQuality "1"]

1. e4 e5 2. f4 Nc6 3. Nf3 d6 4. Nc3 g6 5. Bb5 Bg7 6. 0-0 Nge7 7. d4 exd4 8. Nxd4 Bd7 9. Be3 0-0 10. Bc4 Kh8 11. Nf3 Bxc3 12. bxc3 Be6 13. Qe2 a6 14. Nd4 Qc8 15. f5 Bxc4 16. Qxc4 Ne5 17. Qe2 b5 18. Bh6 Re8 19. f6 N7c6 20. Bg7+ Kg8 21. Rf4 Nd8 22. Qf2 c5 23. Qh4 h5 24. Qg5 Ne6 25. Qh6 1-0

[Event "Florianopolis op 5th"]
[Site "Florianopolis"]
[Date "2019.01.25"]
[Round "7"]
[White "Ferreira, Rodrigo Maycon Mira"]
[Black "Seiffert, Gabriel Pamplona"]
[Result "1-0"]
[WhiteElo "1813"]
[BlackElo "1436"]
[PlyCount "73"]
[EventDate "2019.01.21"]
[EventType "swiss"]
[EventRounds "10"]
[EventCountry "BRA"]
[SourceTitle "CBM 188 Extra"]
[Source "ChessBase"]
[SourceDate "2019.02.26"]
[SourceVersion "1"]
[SourceVersionDate "2019.02.26"]
[SourceQuality "1"]

1. e4 e5 2. Nf3 Nc6 3. Bc4 Nf6 4. d3 Be7 5. c3 d5 6. exd5 Nxd5 7. 0-0 0-0 8. Re1 Bg4 9. h3 Bh5 10. Bb3 Kh8 11. g4 Bg6 12. Nxe5 Nxe5 13. Rxe5 c6 14. Bxd5 cxd5 15. Qf3 d4 16. c4 Qc7 17. Rb5 b6 18. Bf4 Bd6 19. Bxd6 Qxd6 20. b4 Qe6 21. Nd2 f5 22. g5 Rac8 23. Nb3 Qd6 24. a3 Qe7 25. Qf4 Qe2 26. Qd2 Qh5 27. Kg2 f4 28. Nxd4 f3+ 29. Kg3 Rce8 30. Rd5 Re2 31. Nxe2 fxe2 32. f4 Bf5 33. Rxf5 Rxf5 34. Qe3 h6 35. h4 Rf8 36. Re1 Re8 37. Qf3 1-0

[Event "Florianopolis Regional STD op"]
[Site "Florianopolis"]
[Date "2018.10.14"]
[Round "5"]
[White "Feller, Gabriela Luisa Vice"]
[Black "Ferreira, Rodrigo Maycon Mira"]
[Result "0-1"]
[WhiteElo "1581"]
[BlackElo "1826"]
[PlyCount "66"]
[EventDate "2018.10.12"]
[EventType "swiss"]
[EventRounds "6"]
[EventCountry "BRA"]
[SourceTitle "CBM 186 Extra"]
[Source "ChessBase"]
[SourceDate "2018.08.24"]
[SourceVersion "1"]
[SourceVersionDate "2018.08.24"]
[SourceQuality "1"]

1. e4 e6 2. d4 d5 3. Nc3 Be7 4. e5 c5 5. Qg4 Kf8 6. Nge2 Nc6 7. Be3 cxd4 8. Bxd4 Nh6 9. Qh5 Nf5 10. 0-0-0 g6 11. Qh3 Nfxd4 12. Nxd4 Nxe5 13. f4 Nc6 14. g4 Nxd4 15. Rxd4 Bf6 16. Rd1 h5 17. g5 Bg7 18. Bg2 Qc7 19. Ne2 Bd7 20. Rhe1 Kg8 21. Qe3 Kh7 22. Bf3 Rac8 23. Qd3 Bb5 24. Qd2 a5 25. Kb1 a4 26. a3 Bxe2 27. Rxe2 Qc4 28. Ree1 b5 29. Be2 Qc5 30. Bd3 Rb8 31. Qe2 b4 32. Qxh5+ Kg8 33. Qe2 bxa3 0-1

[Event "Sao Bento do Sul op 06"]
[Site "Sao Bento do Sul"]
[Date "2018.06.16"]
[Round "3"]
[White "Melo, Sergio Roberto Samp"]
[Black "Ferreira, Rodrigo Maycon Mira"]
[Result "1/2-1/2"]
[WhiteElo "1743"]
[BlackElo "1852"]
[PlyCount "89"]
[EventDate "2018.06.15"]
[EventType "swiss"]
[EventRounds "6"]
[EventCountry "BRA"]
[SourceTitle "EXT 2021"]
[Source "ChessBase"]
[SourceDate "2020.10.23"]
[SourceVersion "1"]
[SourceVersionDate "2020.10.23"]
[SourceQuality "1"]

1. Nf3 d5 2. b3 Nf6 3. Bb2 g6 4. g3 Bg7 5. Bg2 0-0 6. 0-0 c6 7. d3 h6 8. Nbd2 Be6 9. Nd4 Bd7 10. N4f3 Qc8 11. c4 Bh3 12. cxd5 Bxg2 13. Kxg2 cxd5 14. Rc1 Qd7 15. Qc2 Nc6 16. Ne5 Nxe5 17. Bxe5 Rac8 18. Qb2 Nh5 19. Bxg7 Nxg7 20. Nf3 Ne6 21. Rxc8 Rxc8 22. Rc1 Rxc1 23. Qxc1 Kg7 24. d4 f6 25. Qc2 Qc6 26. Qxc6 bxc6 27. e3 Nc7 28. Ne1 e5 29. Nc2 Ne6 30. dxe5 fxe5 31. Nb4 Nd8 32. Kf3 Kf6 33. h4 e4+ 34. Ke2 Ke5 35. f4+ exf3+ 36. Kxf3 Kd6 37. Nd3 Nf7 38. Kf4 c5 39. e4 c4 40. e5+ Ke6 41. Nc5+ Ke7 42. bxc4 dxc4 43. Ke4 c3 44. Kd3 Nxe5+ 45. Kxc3 1/2-1/2

[Event "Florianopolis op 3rd"]
[Site "Florianopolis"]
[Date "2017.01.25"]
[Round "8"]
[White "Ferreira, Rodrigo Maycon Mira"]
[Black "Franceschina, Dalvan Jose"]
[Result "1/2-1/2"]
[WhiteElo "1889"]
[BlackElo "1978"]
[PlyCount "124"]
[EventDate "2017.01.20"]
[EventType "swiss"]
[EventRounds "10"]
[EventCountry "BRA"]
[SourceTitle "CBM 176 Extra"]
[Source "ChessBase"]
[SourceDate "2017.03.02"]
[SourceVersion "1"]
[SourceVersionDate "2017.03.02"]
[SourceQuality "1"]

1. f4 d5 2. Nf3 Nf6 3. e3 g6 4. Be2 Bg7 5. 0-0 0-0 6. Nc3 c5 7. d4 cxd4 8. exd4 Nc6 9. Ne5 a6 10. Bf3 e6 11. Nxc6 bxc6 12. Na4 Nd7 13. Be3 Qa5 14. c3 Nb6 15. Nc5 Nc4 16. Bc1 Rb8 17. b4 Qb6 18. Be2 Nd6 19. Bd3 a5 20. Rb1 axb4 21. Rxb4 Qa7 22. Rxb8 Qxb8 23. a4 Qa7 24. Ba3 Rd8 25. Qb3 Bf8 26. Rb1 Bd7 27. Qb6 Qxb6 28. Rxb6 Be8 29. a5 Ra8 30. a6 Nc8 31. Rb7 Na7 32. Bb4 h6 33. Kf2 Nc8 34. Na4 c5 35. Nxc5 Bd6 36. Nd7 Bxd7 37. Rxd7 Bxf4 38. Rd8+ Kg7 39. a7 Bc7 40. Re8 Rxa7 41. Rxc8 Bxh2 42. Bf8+ Kh7 43. Kf3 h5 44. Rc6 Kg8 45. Bb4 Kg7 46. Ba6 h4 47. Bc5 Ra8 48. Kg4 Bg3 49. Bd6 Kf6 50. Bxg3 hxg3 51. Kxg3 Ra7 52. c4 dxc4 53. Bxc4 Kf5 54. Bd3+ Kg5 55. Rc5+ Kf6 56. Kf4 Rd7 57. Ke4 Ra7 58. g4 Re7 59. g5+ Kg7 60. Ke5 Rd7 61. Be4 Ra7 62. d5 exd5 1/2-1/2

[Event "Florianopolis op 3rd"]
[Site "Florianopolis"]
[Date "2017.01.21"]
[Round "3"]
[White "Albino, Samuel"]
[Black "Ferreira, Rodrigo Maycon Mira"]
[Result "1-0"]
[WhiteElo "1527"]
[BlackElo "1889"]
[PlyCount "36"]
[EventDate "2017.01.20"]
[EventType "swiss"]
[EventRounds "10"]
[EventCountry "BRA"]
[SourceTitle "CBM 176 Extra"]
[Source "ChessBase"]
[SourceDate "2017.03.02"]
[SourceVersion "1"]
[SourceVersionDate "2017.03.02"]
[SourceQuality "1"]

1. e4 d6 2. d4 Nf6 3. Nc3 c6 4. Nf3 Bg4 5. h3 Bh5 6. Bc4 b5 7. Bd3 e6 8. Bg5 h6 9. Bh4 Be7 10. Bxf6 Bxf6 11. g4 g6 12. Qd2 Nd7 13. 0-0-0 Qc7 14. Kb1 Nb6 15. a3 Be7 16. d5 Nc4 17. Bxc4 bxc4 18. Qd4 cxd5 1-0

[Event "Florianopolis-ch 64th"]
[Site "Florianopolis"]
[Date "2016.03.17"]
[Round "8"]
[White "Pomar, Marcelo Nascimento"]
[Black "Ferreira, Rodrigo Maycon Mira"]
[Result "1-0"]
[WhiteElo "2056"]
[BlackElo "1901"]
[PlyCount "63"]
[EventDate "2016.02.26"]
[EventType "tourn"]
[EventRounds "9"]
[EventCountry "BRA"]
[SourceTitle "CBM 171 Extra"]
[Source "ChessBase"]
[SourceDate "2016.04.26"]
[SourceVersion "1"]
[SourceVersionDate "2016.04.26"]
[SourceQuality "1"]

1. e4 g5 2. Bc4 Nc6 3. d4 Bg7 4. c3 h6 5. h4 gxh4 6. Nf3 d6 7. Nxh4 Nf6 8. Qf3 e5 9. d5 Ne7 10. Nd2 Bd7 11. Nf1 c6 12. dxc6 Bxc6 13. Ng3 Rc8 14. Nh5 Nxh5 15. Qxf7+ Kd7 16. Be6+ Kc7 17. Bxc8 Kxc8 18. Qxh5 Bxe4 19. Qg4+ Kb8 20. Qxe4 d5 21. Qa4 Rf8 22. Nf3 Nc6 23. Be3 d4 24. 0-0-0 Qc7 25. cxd4 exd4 26. Bd2 Nb4+ 27. Kb1 Nd5 28. Rhe1 Qc8 29. Qc2 Qd7 30. Qe4 Qb5 31. Nxd4 Qc4 32. Nc6+ 1-0